Państwa które mają dostęp do Morza Bałtyckiego - Statystyki

Ogólne statystyki
  • Ten quiz został rozwiązany 105 razy
  • Średni wynik to 10 z 10
Statystyki odpowiedzi
Państwa % Poprawnych
Łotwa
100%
Litwa
99%
Polska
99%
Estonia
98%
Finlandia
98%
Niemcy
98%
Rosja
98%
Szwecja
95%
Norwegia
94%
Dania
92%
Nie znaleziono quizów pasujących do podanych kryteriów
Rozkład punktacji
Procent ludzi z każdym wynikiem
Percentyl według liczby udzielonych odpowiedzi
Twoja historia wyników
Nie rozwiązałeś tego quizu